000 01011nam a2200301 i 4500
003 EG-GICUC
005 20260218112656.0
008 260218s1973 -us ||fr|||| 000 0 eng d
040 _aEG-GiCUC
_beng
_cEG-GiCUC
_dEG-GiCUC
_erda
041 0 _aeng
082 0 4 _221
_a341.68073
_bFU
092 0 4 _221
099 _aLaw1 11 341.68073 FU 1973
245 0 4 _aFundamental Testaments Of The American Revolution :
_bPapers Presented At The Second Symposium, May 10 And 11, 1973.
264 1 _aWashington :
_bLibrary Of Congress,
_c1973.
300 _a119 pages,
_c24 cm
336 _2rda content
_atext
337 _2rda media
_aComputer
338 _2rda carrier
_aOnline Resource
490 _aLibrary Of Congress Symposia On The American Revolution
500 _a`
504 _aIncludes bibliographical references.
546 _aText in English
650 1 4 _aPublic international law
856 4 0 _uhttps://fll.law.cu.edu.eg/fulltext/bks/B11-08075.pdf
905 _a48
942 _2ddc
_cBK
_e21
_n0
999 _c63529
_d63529